Get the Picture: Celebrities in Song Quiz Stats

 Plays Quiz Updated Apr 10, 2019

Score 0/16 Timer 03:00
0 Plays Today
Question Answer Wrong Answers
Richard Nixon Billy Joel
90%
Madonna
6.5%
Jean Harlow Madonna
86%
Billy Joel
9.9%
Ginger Rogers Madonna
85%
Billy Joel
11.4%
Buddy Holly Billy Joel
84.9%
Madonna
11.4%
Greta Garbo Madonna
84.5%
Billy Joel
11.3%
Rita Hayworth Madonna
84.2%
Billy Joel
11.7%
Mickey Mantle Billy Joel
83.9%
Madonna
12.4%
Bette Davis Madonna
83.6%
Billy Joel
12.7%
Bob Dylan Billy Joel
82.2%
Madonna
13.7%
Elvis Presley Billy Joel
80.6%
Madonna
15.6%
Chubby Checker Billy Joel
80.4%
Madonna
15.7%
Sally Ride Billy Joel
80.1%
Madonna
16.2%
Gene Kelly Madonna
76.9%
Billy Joel
19.1%
Fred Astaire Madonna
75.2%
Billy Joel
21%
Liberace Billy Joel
70.6%
Madonna
25.9%
Doris Day Billy Joel
53%
Madonna
43.1%

Today's Daily Dose

You're not logged in!

Compare scores with friends on all Sporcle quizzes.
OR
Log In

Sporcle TV

Today on Sporcle TV


Watch our educational content, quiz creation guides, and fun videos on Sporcle TV.

Show Comments

Extras

Top Quizzes Today


Score Distribution

Your Account Isn't Verified!

In order to create a playlist on Sporcle, you need to verify the email address you used during registration. Go to your Sporcle Settings to finish the process.

Report this User

Report this user for behavior that violates our Community Guidelines.

Details: